<?xml version="1.0" encoding="UTF-8"?>
<record
    xmlns:xsi="http://www.w3.org/2001/XMLSchema-instance"
    xsi:schemaLocation="http://www.loc.gov/MARC21/slim http://www.loc.gov/standards/marcxml/schema/MARC21slim.xsd"
    xmlns="http://www.loc.gov/MARC21/slim">

  <leader>02899nam a2200541Ia 4500</leader>
  <controlfield tag="001">962</controlfield>
  <controlfield tag="008">241029s9999    xx            000 0 und d</controlfield>
  <datafield tag="010" ind1=" " ind2=" ">
    <subfield code="a">882</subfield>
  </datafield>
  <datafield tag="041" ind1=" " ind2=" ">
    <subfield code="a">Espa&#xF1;ol</subfield>
  </datafield>
  <datafield tag="082" ind1=" " ind2=" ">
    <subfield code="a">TPG MCE 11 2005</subfield>
  </datafield>
  <datafield tag="245" ind1=" " ind2="0">
    <subfield code="a">Propuesta te&#xF3;rica para el perfeccionamiento curricular de la carrera de dise&#xF1;o de interiores desde un enfoque ergon&#xF3;mico</subfield>
  </datafield>
  <datafield tag="260" ind1=" " ind2=" ">
    <subfield code="a">Santo Domingo</subfield>
  </datafield>
  <datafield tag="300" ind1=" " ind2=" ">
    <subfield code="a">68</subfield>
  </datafield>
  <datafield tag="520" ind1=" " ind2=" ">
    <subfield code="a">18</subfield>
  </datafield>
  <datafield tag="630" ind1=" " ind2=" ">
    <subfield code="a">Curr&#xED;culo</subfield>
  </datafield>
  <datafield tag="630" ind1=" " ind2=" ">
    <subfield code="a">Perfil Profesional</subfield>
  </datafield>
  <datafield tag="650" ind1=" " ind2=" ">
    <subfield code="a">Curriculum</subfield>
  </datafield>
  <datafield tag="690" ind1=" " ind2=" ">
    <subfield code="a">Copiado sin cambios</subfield>
  </datafield>
  <datafield tag="700" ind1=" " ind2=" ">
    <subfield code="e">asesor</subfield>
    <subfield code="a">Alvarez, Joaquin</subfield>
  </datafield>
  <datafield tag="700" ind1=" " ind2=" ">
    <subfield code="e">autor</subfield>
    <subfield code="a">Minaya de Turbides, Alvara</subfield>
  </datafield>
  <datafield tag="700" ind1=" " ind2=" ">
    <subfield code="e">asesor</subfield>
    <subfield code="a">Machado , Evelio</subfield>
  </datafield>
  <datafield tag="901" ind1=" " ind2=" ">
    <subfield code="a">{"1":"Minaya de Turbides"}</subfield>
    <subfield code="b">{"1":"Alvara"}</subfield>
  </datafield>
  <datafield tag="902" ind1=" " ind2=" ">
    <subfield code="a">2</subfield>
  </datafield>
  <datafield tag="903" ind1=" " ind2=" ">
    <subfield code="a">{"1":"Machado ","2":"Alvarez"}</subfield>
    <subfield code="b">{"1":"Evelio","2":"Joaquin"}</subfield>
  </datafield>
  <datafield tag="904" ind1=" " ind2=" ">
    <subfield code="a">Maestr&#xED;a en</subfield>
  </datafield>
  <datafield tag="905" ind1=" " ind2=" ">
    <subfield code="a">Ciencias de la Educaci&#xF3;n</subfield>
  </datafield>
  <datafield tag="906" ind1=" " ind2=" ">
    <subfield code="a">2</subfield>
  </datafield>
  <datafield tag="907" ind1=" " ind2=" ">
    <subfield code="a">NO APLICA</subfield>
  </datafield>
  <datafield tag="908" ind1=" " ind2=" ">
    <subfield code="a">NO APLICA</subfield>
  </datafield>
  <datafield tag="909" ind1=" " ind2=" ">
    <subfield code="a">Universidad Acci&#xF3;n Pro Educaci&#xF3;n y Cultura (UNAPEC)</subfield>
  </datafield>
  <datafield tag="910" ind1=" " ind2=" ">
    <subfield code="a">NULL</subfield>
    <subfield code="b">NULL</subfield>
  </datafield>
  <datafield tag="911" ind1=" " ind2=" ">
    <subfield code="a">["1"]</subfield>
  </datafield>
  <datafield tag="912" ind1=" " ind2=" ">
    <subfield code="a">NO APLICA</subfield>
  </datafield>
  <datafield tag="913" ind1=" " ind2=" ">
    <subfield code="a">NULL</subfield>
  </datafield>
  <datafield tag="914" ind1=" " ind2=" ">
    <subfield code="a">01 de Agosto de 2005</subfield>
  </datafield>
  <datafield tag="915" ind1=" " ind2=" ">
    <subfield code="a">11/06/14 06:06</subfield>
  </datafield>
  <datafield tag="916" ind1=" " ind2=" ">
    <subfield code="a">NULL</subfield>
  </datafield>
  <datafield tag="917" ind1=" " ind2=" ">
    <subfield code="a">NULL</subfield>
  </datafield>
  <datafield tag="918" ind1=" " ind2=" ">
    <subfield code="a">NO APLICA</subfield>
  </datafield>
  <datafield tag="919" ind1=" " ind2=" ">
    <subfield code="a">["52","157"]</subfield>
  </datafield>
  <datafield tag="520" ind1=" " ind2=" ">
    <subfield code="a">La propuesta presentada est&#xE1; dirigida a la integraci&#xF3;n del componente ergon&#xF3;mico como eje transversal a trav&#xE9;s de un tratamiento interdisciplinar en el curr&#xED;culo de la Carrera Dise&#xF1;o de interiores. &#xA0;Dado que el Dise&#xF1;ador trabaja con y para el hombre como ente generador de actividades que responden al cumplimiento de sus necesidades; &#xA0;el profesional que se forma en el &#xE1;rea del Dise&#xF1;o debe contar con las herramientas b&#xE1;sicas que determinan la interrelaci&#xF3;n hombre-espacio para la planificaci&#xF3;n, adecuaci&#xF3;n y organizaci&#xF3;n apropiadas de dichas actividades de acuerdo a aspectos espec&#xED;ficos.&#xA0; &#xA0;El problema cient&#xED;fico se fundamenta en el tratamiento interdisciplinario en el curr&#xED;culo de Dise&#xF1;o de Interiores con una proyecci&#xF3;n ergon&#xF3;mica fundamentada en las leyes y principios did&#xE1;cticos de modo que el perfil del dise&#xF1;ador se oriente hacia la soluci&#xF3;n de problemas de dise&#xF1;o y ambientaci&#xF3;n de espacios para el confort del h&#xE1;bitat del hombre. Por tanto el objetivo es el perfeccionamiento curricular con &#xE9;nfasis en el componente ergon&#xF3;mico. &#xA0;La base metodol&#xF3;gica estar&#xE1; enmarcada dentro del contexto de las tendencias desarrolladoras, &#xA0;espec&#xED;ficamente en el paradigma de enfoque hist&#xF3;rico cultural de Vigotsky. &#xA0;Los m&#xE9;todos y t&#xE9;cnicas para la investigaci&#xF3;n cient&#xED;fica, estar&#xE1;n basados en m&#xE9;todos emp&#xED;ricos (observaci&#xF3;n, entrevistas, cuestionarios, etc.) &#xA0;y sus bases filos&#xF3;ficas se encuentran en el materialismo dial&#xE9;ctico.</subfield>
  </datafield>
  <datafield tag="921" ind1=" " ind2=" ">
    <subfield code="a">16</subfield>
  </datafield>
  <datafield tag="922" ind1=" " ind2=" ">
    <subfield code="a">16</subfield>
  </datafield>
  <datafield tag="923" ind1=" " ind2=" ">
    <subfield code="a">0</subfield>
  </datafield>
  <datafield tag="924" ind1=" " ind2=" ">
    <subfield code="a">NO APLICA</subfield>
  </datafield>
  <datafield tag="942" ind1=" " ind2=" ">
    <subfield code="c">Tesis</subfield>
  </datafield>
  <datafield tag="999" ind1=" " ind2=" ">
    <subfield code="c">882</subfield>
    <subfield code="d">882</subfield>
  </datafield>
</record>
